<?xml version="1.0" encoding="UTF-8"?>
<marc:record xmlns:marc="http://www.loc.gov/MARC21/slim">
   <marc:leader>00000nam a2200000 a 4500</marc:leader>
   <marc:datafield ind1="1" ind2=" " tag="100">
      <marc:subfield code="a">Disney, Walt</marc:subfield>
      <marc:subfield code="4">aut</marc:subfield>
      <marc:subfield code="e">Verfasser/-in</marc:subfield>
   </marc:datafield>
   <marc:datafield ind1="0" ind2="0" tag="245">
      <marc:subfield code="a">Der Wildbach - Marathon</marc:subfield>
   </marc:datafield>
   <marc:datafield ind1="0" ind2="0" tag="245">
      <marc:subfield code="c">Disney, Walt</marc:subfield>
   </marc:datafield>
   <marc:datafield ind1=" " ind2="1" tag="264">
      <marc:subfield code="c">2002</marc:subfield>
   </marc:datafield>
   <marc:datafield ind1="1" ind2=" " tag="490">
      <marc:subfield code="a">Lustiges Taschenbuch</marc:subfield>
      <marc:subfield code="v">195</marc:subfield>
   </marc:datafield>
   <marc:datafield ind1=" " ind2=" " tag="250">
      <marc:subfield code="a">1. Auflage</marc:subfield>
   </marc:datafield>
   <marc:datafield ind1="1" ind2=" " tag="520">
      <marc:subfield code="a">Hallo, Freunde! Könnt ihr euch vorstellen, wie schrecklich es ist, auf einen waschechten und blutrünstigen Vampir zu treffen? - Also. ich von meiner Seite aus hätte gerne auf diese Erfahrung verzichten können! Natürlich steckt mal wieder eine alte Feindin Onkel Dagoberts hinter der ganzen Sache: die hinterhältige Hexe Gundel Gaukeley! Sie bringt ihn auf die Spur eines Schatzes, weil sie selbst hinter dem Diamanten des Grafen Dracula her ist... Klingt ziemlich kompliziert, was? Am besten lest ihr diese spannende Geschichte gleich selbst! Gute Unterhaltung! &#xD;
&#xD;
Der Schwarze Diamant &#xD;
Der Gedächtnislöscher &#xD;
Der Wildbach-Marathon &#xD;
Der schwarze Kristall &#xD;
Einmal Australien und zurück</marc:subfield>
   </marc:datafield>
   <marc:datafield ind1=" " ind2=" " tag="041">
      <marc:subfield code="a">ger</marc:subfield>
   </marc:datafield>
   <marc:datafield ind1="0" ind2=" " tag="490">
      <marc:subfield code="v">195</marc:subfield>
   </marc:datafield>
   <marc:datafield ind1=" " ind2=" " tag="300">
      <marc:subfield code="a">254 Seiten</marc:subfield>
   </marc:datafield>
</marc:record>
